La tribù /

Uloženo v:
Podrobná bibliografie
Hlavní autor: Arnaldi, Valeria
Další autoři: Biancheri, Boris
Médium: Kniha
Jazyk:italština
Vydáno: Roma : Libreria Croce, 2003
Edice:L'erba voglio
Tagy: Přidat tag
Žádné tagy, Buďte první, kdo vytvoří štítek k tomuto záznamu!

MARC

LEADER 00000nam a22000007i 4500
001 IT\ICCU\PAR\1223612
003 ItRI
005 20240227191822.0
008 140502s2003 it |||||| ||||| |||||c
020 |a 8887323860 
040 |b ita  |c GP 
041 7 |a ita  |2 ISO-639-2 
100 1 |a Arnaldi, Valeria  |0 IT\ICCU\CFIV\172783 
245 1 3 |a La tribù /  |c Valeria Arnaldi ; [prefazione di Boris Biancheri]. 
260 |a Roma :  |b Libreria Croce,  |c 2003 
300 |a 122 p. ;  |c 21 cm 
500 |a Indicazione di responsabilità della cop. 
700 1 |a Biancheri, Boris  |0 IT\ICCU\RAVV\086990 
830 2 |a L'erba voglio  |0 IT\ICCU\TO0\1275423 
942 |2 ddc  |c BK 
952 |0 0  |1 0  |2 ddc  |4 0  |6 293_430000000000000_ARN  |7 1  |9 799  |a RM  |b RM  |d 2024-02-27  |l 0  |o 293.43 ARN  |p 341  |r 2024-02-27 19:18:44  |w 2024-02-27  |y BK 
981 1 |6 z01  |a i   |b xxxe  
982 1 |6 z01  |a n 
999 |c 751  |d 751